Educomunicación, medios para aprender de todos y con todos : la radio /

La siguiente presentación es una descripción del trabajo realizado en el área de producción rediofónica del Instituto de Comunicación Social de la Universidad Austral de Chile en Valdivia. Trabajo realizado con estudiantes de la Escuela de Periodismo y que tiene relación con los conceptos de educaci...

Full description

Bibliographic Details
Main Author: Inzunza Moraga, Alex
Other Authors: Browne Sartori, Rodrigo, Godoi Millán, Victor
Format: Libro
Language:Spanish
Published: Viña del Mar, Chile Universidad de Viña del Mar 2005
Subjects:

MARC

LEADER 00000cam a2200000 a 4500
001 031858
003 UAHC_CL
005 20170803123420.0
008 080506s2000 cl j 000 1 spa
040 |a UAHC_CL  |c UAHC_CL  |d UAHC_CL 
100 1 |a Inzunza Moraga, Alex 
245 1 0 |a Educomunicación, medios para aprender de todos y con todos :  |b la radio /  |c Alex Inzunza Moraga, Victor Godoi Millán, Rodrigo Browne Sartori. 
260 |b Universidad de Viña del Mar  |a Viña del Mar, Chile  |c 2005 
300 |a p. 119-127 
500 |a En: Estudios de Periodismo y Relaciones Públicas. Año V, no. 5, 2005. pp. 119-127. ISSN: 0718-1205. 
520 |a La siguiente presentación es una descripción del trabajo realizado en el área de producción rediofónica del Instituto de Comunicación Social de la Universidad Austral de Chile en Valdivia. Trabajo realizado con estudiantes de la Escuela de Periodismo y que tiene relación con los conceptos de educación y comunicación; es decircon la educomunicación. Y como ambos paradigmas se interrelacionan - incluyendo el uso de medios como la radio, elaborando programas transmitidos en distintos puntos de la provincia-, estos ejercicios han requerido de nuevas maneras de relacionarse con los demás. Hecho que coloca a los proyectos de intervención en la necesidad de reconocer comunicacionalmente alotro como una uténtica persona. 
650 4 |a EDUCACION 
650 4 |a RADIO 
650 4 |a COMUNICACION 
653 |a PERIODISMO 
700 1 |a Browne Sartori, Rodrigo 
700 1 |a Godoi Millán, Victor 
900 |a ESTUD. PERIODIS. RELAC. PUBLICAS-05/05 
942 |c BK 
999 |c 31858  |d 31858